[Event "15. Sparkassen Open 2016 - Gruppe B"]
[Site "Forchheim"]
[Date "2016.10.02"]
[Round "3.19"]
[White "Gerlach, Florian"]
[Black "Roth, Jakob"]
[Result "1-0"]
[WhiteElo "1855"]
[BlackElo "1872"]
[PlyCount "65"]
[EventDate "2016.??.??"]
[WhiteTeam "SK Weilheim"]
[BlackTeam "Spvgg Stetten"]

1. d4 d5 2. Nf3 Nf6 3. e3 e6 4. Bd3 c5 5. b3 Nc6 6. O-O cxd4 7. exd4 Bd6 8. Bb2
Qc7 9. a3 b6 10. Nbd2 Bb7 11. Qe2 Ne7 12. Ne5 Ng6 13. f4 a6 14. f5 Nxe5 15.
dxe5 Bc5+ 16. Kh1 Ne4 17. Nxe4 dxe4 18. Bxe4 O-O-O 19. Rad1 Bxe4 20. Qxe4 Qb7
21. Qc4 Kb8 22. fxe6 fxe6 23. Qxe6 Rxd1 24. Rxd1 Rf8 25. h3 a5 26. b4 Rf2 27.
Rd8+ Ka7 28. Rd7 Rf1+ 29. Kh2 Bg1+ 30. Kg3 Bf2+ 31. Kg4 h5+ 32. Kxh5 g6+ 33.
Kxg6 1-0

[Event "15. Sparkassen Open 2016 - Gruppe B"]
[Site "Forchheim"]
[Date "2016.10.02"]
[Round "3.20"]
[White "Großner, Josef"]
[Black "Spieker, Hans-Joachim"]
[Result "1/2-1/2"]
[WhiteElo "1888"]
[BlackElo "1890"]
[PlyCount "39"]
[EventDate "2016.??.??"]
[WhiteTeam "SF Fürth"]
[BlackTeam "Hamelner SV"]

1. e4 c5 2. Nf3 d6 3. d4 cxd4 4. Nxd4 Nf6 5. Nc3 g6 6. Be2 Bg7 7. O-O O-O 8.
Be3 Nc6 9. h3 Bd7 10. Qd2 Rc8 11. Rad1 a6 12. f4 Nxd4 13. Bxd4 Bc6 14. Bd3 Qc7
15. f5 b5 16. a3 Qb7 17. e5 dxe5 18. Bxe5 Ne4 19. Nxe4 Bxe4 20. Bc3 1/2-1/2

[Event "15. Sparkassen Open 2016 - Gruppe B"]
[Site "Forchheim"]
[Date "2016.10.02"]
[Round "3.21"]
[White "Schulz, Horst"]
[Black "Lutz, Ruben"]
[Result "1/2-1/2"]
[WhiteElo "1739"]
[BlackElo "1846"]
[PlyCount "88"]
[EventDate "2016.??.??"]
[WhiteTeam "SC Höchstadt/Aisch"]
[BlackTeam "USV TU Dresden"]

1. d4 d5 2. e3 Nf6 3. f4 Bf5 4. Nf3 e6 5. Ne5 h6 6. Bb5+ c6 7. Be2 Be7 8. O-O
Nbd7 9. Nd2 O-O 10. Ndf3 c5 11. c3 Rc8 12. Bd2 Ne4 13. Bc1 a6 14. Nxd7 Qxd7 15.
Ne5 Qc7 16. Bg4 Bh7 17. Bh5 Bd6 18. g3 b5 19. a3 Qb7 20. b4 cxb4 21. cxb4 Nf6
22. Bd2 Nxh5 23. Qxh5 Rc2 24. Rfd1 Bxe5 25. fxe5 Rfc8 26. Qe2 R8c4 27. Qe1 Rc8
28. Rdc1 Be4 29. Rxc2 Rxc2 30. Rc1 Qc6 31. Rxc2 Qxc2 32. Qc1 Qd3 33. Kf2 Bg6
34. g4 h5 35. h3 Qe4 36. Kg3 h4+ 37. Kxh4 Qf3 38. Be1 Be4 39. Qd2 g5+ 40. Kxg5
Qxh3 41. Qf2 Bg6 42. Qg3 Qf1 43. Kh6 Qd3 44. Qf4 Bh7 1/2-1/2

[Event "15. Sparkassen Open 2016 - Gruppe B"]
[Site "Forchheim"]
[Date "2016.10.02"]
[Round "3.22"]
[White "Bandau, Frank"]
[Black "Huber, Lukas"]
[Result "0-1"]
[WhiteElo "1643"]
[BlackElo "1924"]
[PlyCount "98"]
[EventDate "2016.??.??"]
[WhiteTeam "SK Goslar"]
[BlackTeam "SC Tannhausen"]

1. e4 e6 2. d4 d5 3. Nd2 Nf6 4. e5 Nfd7 5. c3 c5 6. Ngf3 Nc6 7. Bd3 Qb6 8. O-O
cxd4 9. cxd4 Nxd4 10. Nxd4 Qxd4 11. Nf3 Qb6 12. Qa4 Qc6 13. Qg4 Nc5 14. Nd4 Qb6
15. Bb5+ Bd7 16. Bxd7+ Nxd7 17. Nf3 Qb4 18. Qg3 h5 19. h3 g6 20. Bd2 h4 21. Qg5
Qe7 22. Rac1 Qxg5 23. Bxg5 Be7 24. Bxe7 Kxe7 25. Rc7 Rhc8 26. Rfc1 Kd8 27.
Rxc8+ Rxc8 28. Rxc8+ Kxc8 29. Kf1 Nc5 30. Nxh4 Nd3 31. Nf3 Kd7 32. b3 Nc1 33.
Ke1 Nxa2 34. Kd2 Nb4 35. g4 Nc6 36. h4 Ke7 37. h5 gxh5 38. gxh5 Kf8 39. Ke3 a5
40. Kf4 b5 41. Kg5 a4 42. h6 a3 43. Kf6 Kg8 44. Ng5 a2 45. Nxf7 a1=Q 46. Kg6
Nxe5+ 47. Nxe5 Qxe5 48. h7+ Kf8 49. f4 Qg7+ 0-1

[Event "15. Sparkassen Open 2016 - Gruppe B"]
[Site "Forchheim"]
[Date "2016.10.02"]
[Round "3.23"]
[White "Albayrak, Aylin"]
[Black "Üstün, Engin"]
[Result "0-1"]
[WhiteElo "1726"]
[BlackElo "1795"]
[PlyCount "84"]
[EventDate "2016.??.??"]
[WhiteTeam "Zabo-Eintracht Nürnberg"]

1. d4 Nf6 2. c4 g6 3. Nc3 Bg7 4. e4 d6 5. Nf3 O-O 6. Be2 Nbd7 7. O-O c6 8. Bf4
Nh5 9. Bg5 h6 10. Be3 e5 11. Qd2 Kh7 12. d5 c5 13. Nb5 Qe7 14. b4 a6 15. Nc7
Rb8 16. b5 Nb6 17. Nxa6 bxa6 18. a4 f5 19. a5 f4 20. Bxc5 dxc5 21. axb6 Rxb6
22. Qa5 Qd6 23. Nd2 Nf6 24. f3 g5 25. Nb3 g4 26. Qa3 gxf3 27. gxf3 Bh3 28. Rf2
Nd7 29. Kh1 Bf6 30. Bf1 Bh4 31. Rfa2 Bxf1 32. Rxf1 axb5 33. cxb5 Rxb5 34. Nd2
Rg8 35. Nc4 Qb8 36. Raa1 Rb3 37. Qa4 Rg7 38. Qc6 Qb4 39. Rac1 Rc3 40. Qa6 Rxc1
41. Rxc1 Qb3 42. Nd2 Qe3 0-1

[Event "15. Sparkassen Open 2016 - Gruppe B"]
[Site "Forchheim"]
[Date "2016.10.02"]
[Round "3.24"]
[White "Alsheimer, Lea"]
[Black "Schlötterer, Hermann"]
[Result "0-1"]
[WhiteElo "1689"]
[BlackElo "1843"]
[PlyCount "64"]
[EventDate "2016.??.??"]
[WhiteTeam "SC Bechhofen"]
[BlackTeam "Zabo-Eintracht Nürnberg"]

1. d4 Nf6 2. Nf3 c5 3. e3 g6 4. Nc3 Bg7 5. Be2 O-O 6. h4 h5 7. Ng5 d5 8. Rg1
Qd6 9. dxc5 Qh2 10. Nf3 Qc7 11. Nxd5 Nxd5 12. Qxd5 Rd8 13. Qg5 Bg4 14. e4 Nc6
15. Qe3 Nb4 16. Qb3 Qxc5 17. Bc4 Rac8 18. Bxf7+ Kh8 19. Be3 Nxc2+ 20. Ke2 Nxe3
21. fxe3 Qc2+ 22. Qxc2 Rxc2+ 23. Ke1 Bxb2 24. Rb1 Bc3+ 25. Kf1 Bxf3 26. gxf3
Rdd2 27. Rxg6 Rh2 28. Bb3 Rhf2+ 29. Kg1 Bd2 30. Rh6+ Kg7 31. Rxh5 Bxe3 32. Bd5
Rb2 0-1

[Event "15. Sparkassen Open 2016 - Gruppe B"]
[Site "Forchheim"]
[Date "2016.10.02"]
[Round "3.25"]
[White "Brenzinger, Thomas"]
[Black "Mantel, Hubert"]
[Result "0-1"]
[WhiteElo "1781"]
[BlackElo "1787"]
[PlyCount "48"]
[EventDate "2016.??.??"]
[WhiteTeam "SK Mannheim-Lindenhof"]
[BlackTeam "Zabo-Eintracht Nürnberg"]

1. e4 e6 2. d3 d5 3. Nd2 g6 4. g3 Bg7 5. Bg2 Ne7 6. Ngf3 Nd7 7. O-O O-O 8. c3
Rb8 9. Qe2 e5 10. b4 b6 11. a4 Bb7 12. Ba3 Re8 13. Rac1 c5 14. Rfd1 Bh6 15. Nh4
Qc7 16. f4 exf4 17. g4 dxe4 18. Bxe4 Bxe4 19. dxe4 Nd5 20. Ng2 Ne3 21. Re1 Nf6
22. Nxe3 fxe3 23. Nc4 Rxe4 24. h3 Qg3+ 0-1

[Event "15. Sparkassen Open 2016 - Gruppe B"]
[Site "Forchheim"]
[Date "2016.10.02"]
[Round "3.27"]
[White "Mönius, Oliver"]
[Black "Kohler, Alfred"]
[Result "1/2-1/2"]
[WhiteElo "1787"]
[BlackElo "1608"]
[PlyCount "67"]
[EventDate "2016.??.??"]
[WhiteTeam "SC Höchstadt/Aisch"]
[BlackTeam "SK Herzogenaurach"]

1. e4 e5 2. f4 Nc6 3. Nf3 d6 4. Bc4 Be7 5. d3 exf4 6. Bxf4 Nf6 7. O-O O-O 8.
Nbd2 Bg4 9. c3 Ne5 10. Bxe5 dxe5 11. Qb3 Bd6 12. Rae1 Qd7 13. d4 exd4 14. cxd4
Bf4 15. Qc3 Rae8 16. e5 Nd5 17. Qb3 Nb6 18. Re4 Nxc4 19. Rxf4 Nxd2 20. Nxd2 Be6
21. Qg3 c5 22. Nf3 cxd4 23. Rxd4 Qb5 24. Rh4 Qb6+ 25. Kh1 Rd8 26. h3 Rd7 27.
Rxh7 Kxh7 28. Ng5+ Kg8 29. Qh4 Bf5 30. Rxf5 Rd1+ 31. Kh2 Qg1+ 32. Kg3 Qe1+ 33.
Rf2 Qxe5+ 34. Rf4 1/2-1/2

[Event "15. Sparkassen Open 2016 - Gruppe B"]
[Site "Forchheim"]
[Date "2016.10.02"]
[Round "3.28"]
[White "Kolb, Tobias"]
[Black "Sindermann, Peter"]
[Result "0-1"]
[WhiteElo "1664"]
[BlackElo "1964"]
[PlyCount "100"]
[EventDate "2016.??.??"]
[WhiteTeam "SV Seubelsdorf"]
[BlackTeam "SK Weilheim"]

1. e4 c5 2. Nf3 a6 3. b3 b5 4. Bb2 Bb7 5. d3 e6 6. Nbd2 d5 7. Be2 Nf6 8. e5
Nfd7 9. c3 Nc6 10. d4 b4 11. Nb1 Qc7 12. O-O bxc3 13. Nxc3 cxd4 14. Nxd4 Ndxe5
15. Re1 Bd6 16. Nxc6 Nxc6 17. h3 O-O 18. Bd3 Rac8 19. Rc1 Bf4 20. Rc2 Nb4 21.
Nxd5 Nxc2 22. Nxc7 Nxe1 23. Qxe1 Rxc7 24. Qb4 Bh6 25. Qb6 Rd7 26. Bxa6 Rd1+ 27.
Bf1 Be4 28. Qb5 Bd3 29. Qxd3 Rxd3 30. Bxd3 Rd8 31. Bc4 Rd2 32. Bc3 Rxa2 33. Kf1
Bf4 34. g3 Bd6 35. Kg2 Bc5 36. Be1 Rb2 37. Kf3 Kf8 38. Ke4 Bxf2 39. Bxf2 Rxf2
40. Kd4 Ke7 41. Kc5 Kd8 42. b4 Kc7 43. g4 Rf3 44. b5 Rxh3 45. Bf1 Rc3+ 46. Kb4
Rc1 47. Bg2 Kb6 48. Be4 h6 49. Bd3 g6 50. Ka4 f5 0-1

[Event "15. Sparkassen Open 2016 - Gruppe B"]
[Site "Forchheim"]
[Date "2016.10.02"]
[Round "3.29"]
[White "Jülg, Gabriel"]
[Black "Schubert, Nikita"]
[Result "1/2-1/2"]
[WhiteElo "1821"]
[BlackElo "1775"]
[PlyCount "90"]
[EventDate "2016.??.??"]
[WhiteTeam "SK Ettlingen"]
[BlackTeam "ESV Gera"]

1. d4 Nf6 2. c4 e6 3. Nf3 b6 4. Bg5 Bb7 5. Nc3 Bb4 6. e3 O-O 7. Bd3 c5 8. O-O
cxd4 9. exd4 Be7 10. Bf4 d6 11. Qe2 a6 12. Rfe1 Nbd7 13. Rad1 h6 14. Bc2 Qc7
15. Qd3 Rad8 16. Bg3 Rfe8 17. h3 Bf8 18. Nd2 g6 19. Nde4 Nxe4 20. Nxe4 Bxe4 21.
Rxe4 Nf6 22. Re2 Qb7 23. Rc1 Rc8 24. b4 Red8 25. Qb3 Rd7 26. Bd3 a5 27. bxa5
bxa5 28. Rb2 Rb8 29. Rcb1 Qxb3 30. Rxb3 Rxb3 31. Rxb3 Ra7 32. Rb6 Nd7 33. Rc6
e5 34. dxe5 Nxe5 35. Bxe5 dxe5 36. c5 Rd7 37. Bb5 Rd5 38. Ra6 Bxc5 39. Rxa5 Kg7
40. a4 Rd2 41. Be2 Bd4 42. Kf1 Ra2 43. g3 Ra1+ 44. Kg2 Ra2 45. Kf1 Ra1+ 1/2-1/2

[Event "15. Sparkassen Open 2016 - Gruppe B"]
[Site "Forchheim"]
[Date "2016.10.02"]
[Round "3.30"]
[White "Semenova, Alisa"]
[Black "Auth, Bernhard"]
[Result "1/2-1/2"]
[WhiteElo "1646"]
[BlackElo "1753"]
[PlyCount "129"]
[EventDate "2016.??.??"]
[WhiteTeam "SC Noris-Tarrasch Nürnberg"]
[BlackTeam "SC Bad Windsheim"]

1. e4 c6 2. d4 d5 3. Nc3 dxe4 4. Nxe4 Nf6 5. Ng3 Nbd7 6. Nf3 e6 7. Bd3 c5 8. c3
cxd4 9. Nxd4 Bc5 10. Nb3 Bb6 11. Qe2 O-O 12. O-O Qc7 13. Re1 Re8 14. Bd2 e5 15.
Qf3 Nc5 16. Nxc5 Bxc5 17. Ne4 Nxe4 18. Bxe4 Rb8 19. b4 Bf8 20. Re2 Be6 21. a4
Qd7 22. Qd3 Qxd3 23. Bxd3 Rbd8 24. Bb5 Re7 25. Be3 a6 26. Bc5 axb5 27. Bxe7
Bxe7 28. axb5 Bf6 29. h3 Bc4 30. Re4 Bd3 31. Re3 Bxb5 32. Ra5 Bc6 33. c4 b6 34.
Ra6 Rb8 35. b5 Be8 36. Rea3 Kf8 37. Ra8 Rxa8 38. Rxa8 Be7 39. Kf1 f5 40. f3 Kf7
41. Ke2 Bd7 42. Ra7 Ke6 43. g3 Be8 44. Rb7 Bc5 45. Rxg7 Bg6 46. Rc7 e4 47. fxe4
fxe4 48. g4 Ke5 49. h4 e3 50. Rxc5+ bxc5 51. Kxe3 Be4 52. g5 Bg6 53. b6 Kd6 54.
b7 Kc7 55. Kf4 Kxb7 56. Ke5 Kc6 57. Kf6 Bd3 58. h5 Bxc4 59. g6 hxg6 60. h6 Bg8
61. Kg7 c4 62. Kxg8 c3 63. h7 c2 64. h8=Q c1=Q 65. Qf6+ 1/2-1/2

[Event "15. Sparkassen Open 2016 - Gruppe B"]
[Site "Forchheim"]
[Date "2016.10.02"]
[Round "3.31"]
[White "Walter, Manfred"]
[Black "Obernöder, Thomas"]
[Result "1-0"]
[WhiteElo "1750"]
[BlackElo "1767"]
[PlyCount "43"]
[EventDate "2016.??.??"]
[WhiteTeam "SV Lauf"]
[BlackTeam "SK Weilheim"]

1. f4 e5 2. e4 exf4 3. Nf3 d5 4. exd5 Nf6 5. Bc4 Nxd5 6. O-O Be7 7. Bxd5 Qxd5
8. d4 g5 9. Nc3 Qd8 10. Qd3 O-O 11. h4 h6 12. hxg5 hxg5 13. Ne4 f5 14. Nexg5
Bxg5 15. Nxg5 Qxg5 16. Qc4+ Rf7 17. Bxf4 Qf6 18. Rae1 Qc6 19. Qb3 Kf8 20. Rf3
Rg7 21. Qa3+ Kg8 22. Re7 1-0

[Event "15. Sparkassen Open 2016 - Gruppe B"]
[Site "Forchheim"]
[Date "2016.10.02"]
[Round "3.32"]
[White "Rieber, René"]
[Black "Bauschke, Norman"]
[Result "1-0"]
[WhiteElo "1898"]
[BlackElo "1601"]
[PlyCount "54"]
[EventDate "2016.??.??"]
[WhiteTeam "SC Ansbach"]
[BlackTeam "SC Höchstadt/Aisch"]

1. e4 c5 2. Nf3 Nc6 3. Bb5 Nd4 4. Nxd4 cxd4 5. O-O a6 6. Bc4 b5 7. Bb3 e5 8.
Bd5 Rb8 9. Qh5 Qe7 10. Bxf7+ Kd8 11. Bxg8 g6 12. Qg4 Rxg8 13. d3 Bg7 14. Qg3 d6
15. Bd2 Be6 16. c3 dxc3 17. Nxc3 Qf7 18. b3 Ke7 19. Rac1 Rgd8 20. f4 exf4 21.
Bxf4 Bf6 22. Bg5 Ke8 23. Rxf6 Qa7+ 24. Kh1 Bf7 25. Rxd6 Rxd6 26. Qxd6 Rc8 27.
Rf1 Rc7 1-0

[Event "15. Sparkassen Open 2016 - Gruppe B"]
[Site "Forchheim"]
[Date "2016.10.02"]
[Round "3.33"]
[White "Völk, Tobias"]
[Black "Balhar, Michael"]
[Result "0-1"]
[WhiteElo "1677"]
[BlackElo "1769"]
[PlyCount "112"]
[EventDate "2016.??.??"]
[WhiteTeam "SC JÄKLECHEMIE"]
[BlackTeam "SC Erlangen"]

1. e4 c5 2. Nc3 Nc6 3. Bb5 Nd4 4. Bc4 e6 5. Nge2 a6 6. a4 Ne7 7. d3 Nec6 8. O-O
g6 9. Be3 Bg7 10. Qd2 O-O 11. f4 b6 12. f5 exf5 13. exf5 Nxf5 14. Rxf5 gxf5 15.
Rf1 d6 16. Bh6 Qf6 17. Bxg7 Qxg7 18. Bd5 Bd7 19. Ng3 Qd4+ 20. Kh1 Rae8 21. Bxc6
Bxc6 22. Nxf5 Qe5 23. Ne4 Bxe4 24. dxe4 Re6 25. Nh6+ Kg7 26. Ng4 Qxe4 27. Qc3+
Qd4 28. Qf3 Rg6 29. Ne3 Kh8 30. Nf5 Qg4 31. Ne7 Qxf3 32. Nxg6+ fxg6 33. gxf3
Rf4 34. b3 Kg7 35. Kg2 Rd4 36. Rf2 Kf6 37. Re2 d5 38. Kf2 c4 39. Ke3 Rh4 40. f4
cxb3 41. cxb3 Ke6 42. Kd4+ Kd6 43. Rf2 g5 44. Ke3 gxf4+ 45. Kd4 f3+ 46. Ke3 Rb4
47. Rb2 Kc5 48. Kxf3 Rh4 49. Rc2+ Kb4 50. Rc6 Ka5 51. Rd6 Rxh2 52. Rxd5+ Kb4
53. Kg3 Rh6 54. Rd3 Rc6 55. Rd7 h6 56. Ra7 a5 0-1

[Event "15. Sparkassen Open 2016 - Gruppe B"]
[Site "Forchheim"]
[Date "2016.10.02"]
[Round "3.34"]
[White "Wirth, Reinhard"]
[Black "Doll, Alexander"]
[Result "0-1"]
[WhiteElo "1732"]
[BlackElo "1484"]
[PlyCount "39"]
[EventDate "2016.??.??"]
[WhiteTeam "SC Bergrheinfeld"]
[BlackTeam "SC Untergrombach"]

1. e4 e5 2. Nf3 Nc6 3. Bb5 a6 4. Bc4 d6 5. c3 Nf6 6. d4 exd4 7. cxd4 Nxe4 8.
Nc3 Nxc3 9. bxc3 b5 10. Ba3 Be7 11. O-O Bb7 12. Re1 O-O 13. Bd3 Re8 14. Bb2 Na5
15. Bc2 g6 16. h3 Nc4 17. Bc1 Qd7 18. Nh2 Bf8 19. Bf4 Bg7 20. Bg3 0-1

[Event "15. Sparkassen Open 2016 - Gruppe B"]
[Site "Forchheim"]
[Date "2016.10.02"]
[Round "3.35"]
[White "Köhl, Marko"]
[Black "Zirlik, Rudi"]
[Result "0-1"]
[WhiteElo "1544"]
[BlackElo "1873"]
[PlyCount "66"]
[EventDate "2016.??.??"]
[WhiteTeam "SK Rothenburg"]
[BlackTeam "SV Unterkochen"]

1. e4 c5 2. Nf3 d6 3. d4 cxd4 4. Nxd4 Nc6 5. Bb5 Bd7 6. O-O Nf6 7. Nc3 g6 8. f4
Qb6 9. Bxc6 bxc6 10. Kh1 Bg7 11. e5 dxe5 12. fxe5 Ng4 13. e6 fxe6 14. Qxg4 Qxd4
15. Qxd4 Bxd4 16. Ne4 Rb8 17. c3 Bg7 18. Rb1 Rb5 19. c4 Rf5 20. Rd1 Rhf8 21.
Be3 Re5 22. Nc5 Rxe3 23. Rxd7 Rf5 24. Rd3 Re2 25. b4 Rff2 26. Rg3 Rb2 27. Rd1
Rfd2 28. Rf1 Re2 29. Nd3 Rxa2 30. h3 Rac2 31. Nf4 Re4 32. Ra3 Rcxc4 33. Nd3 Re3
0-1

[Event "15. Sparkassen Open 2016 - Gruppe B"]
[Site "Forchheim"]
[Date "2016.10.02"]
[Round "3.36"]
[White "Rosenhain, Thomas"]
[Black "Dietlmeier, Tobias"]
[Result "1/2-1/2"]
[WhiteElo "1860"]
[BlackElo "1595"]
[PlyCount "62"]
[EventDate "2016.??.??"]
[WhiteTeam "Schachpinguine Berlin"]
[BlackTeam "TV Tegernsee"]

1. d4 d5 2. c4 e6 3. Nc3 Nf6 4. cxd5 exd5 5. Bg5 Nbd7 6. e3 c6 7. Qc2 Qa5 8.
Bd3 Bb4 9. Nge2 O-O 10. O-O h6 11. Bh4 Bd6 12. Rac1 Ng4 13. Bg3 Be7 14. a3 Qd8
15. Rfd1 Bh4 16. Bf5 Nb6 17. Bd3 Qf6 18. Rf1 Qg5 19. Bf4 Qe7 20. h3 Nf6 21. Bh2
Nh5 22. Nf4 Qg5 23. Nxh5 Qxh5 24. b3 Qg5 25. Bf4 Qe7 26. a4 a5 27. Ne2 Nd7 28.
Ng3 Nf6 29. Nf5 Bxf5 30. Bxf5 Nh5 31. Bh2 Qd8 1/2-1/2

[Event "15. Sparkassen Open 2016 - Gruppe B"]
[Site "Forchheim"]
[Date "2016.10.02"]
[Round "3.37"]
[White "Ganser, Ganokorn"]
[Black "Nahlik, Bernhard"]
[Result "1/2-1/2"]
[WhiteElo "1714"]
[BlackElo "1600"]
[PlyCount "42"]
[EventDate "2016.??.??"]
[WhiteTeam "SC Böblingen"]
[BlackTeam "SC Ansbach"]

1. Nf3 d5 2. g3 Nf6 3. Bg2 g6 4. O-O Bg7 5. d3 O-O 6. Nbd2 c5 7. c3 Nc6 8. e4
e5 9. Re1 d4 10. cxd4 cxd4 11. Nc4 Re8 12. a4 Bg4 13. h3 Bxf3 14. Bxf3 h6 15.
Bd2 Bf8 16. Rf1 a5 17. Bg2 Nb4 18. Bc1 Nd7 19. f4 Nc5 20. Rf3 Ra6 21. Bf1 Bg7
1/2-1/2

[Event "15. Sparkassen Open 2016 - Gruppe B"]
[Site "Forchheim"]
[Date "2016.10.02"]
[Round "3.38"]
[White "Knauer, Olaf"]
[Black "Kirchner, Markus"]
[Result "1-0"]
[WhiteElo "1834"]
[BlackElo "1704"]
[PlyCount "47"]
[EventDate "2016.??.??"]
[WhiteTeam "SK Weidhausen"]
[BlackTeam "SF Schöneck"]

1. d4 Nf6 2. Nf3 d6 3. g3 Nbd7 4. c4 g6 5. Nc3 Bg7 6. Bg2 O-O 7. O-O a5 8. Qc2
e5 9. e4 Qe7 10. Re1 Re8 11. Nb5 Qd8 12. Bd2 Nb6 13. c5 dxc5 14. dxc5 Nbd7 15.
Rad1 Bf8 16. c6 bxc6 17. Qxc6 Ra6 18. Qxc7 Rb6 19. Qxd8 Rxd8 20. Bxa5 Rxb5 21.
Bxd8 Rxb2 22. Rd2 Rb7 23. Rc2 Rb8 24. Bh3 1-0

[Event "15. Sparkassen Open 2016 - Gruppe B"]
[Site "Forchheim"]
[Date "2016.10.02"]
[Round "3.40"]
[White "Schmitz, Tim"]
[Black "Hohner, Karl-Heinz"]
[Result "1-0"]
[WhiteElo "1808"]
[BlackElo "1837"]
[PlyCount "51"]
[EventDate "2016.??.??"]
[WhiteTeam "SC Sendling"]
[BlackTeam "vereinslos"]

1. e4 c5 2. Nf3 a6 3. c3 d6 4. d4 Nf6 5. Bd3 g6 6. O-O Bg7 7. h3 O-O 8. Be3
Nbd7 9. Nbd2 Qc7 10. Qe2 b5 11. Bf4 e5 12. Bg5 Bb7 13. Qe3 Rfe8 14. d5 c4 15.
Bc2 Nc5 16. Nh2 Qd7 17. Rae1 h5 18. Qg3 Nh7 19. Be3 Rac8 20. f4 Bh6 21. fxe5
Bxe3+ 22. Rxe3 Rxe5 23. Nhf3 Re7 24. Nd4 Kh8 25. Ref3 Qe8 26. Qxd6 1-0

[Event "15. Sparkassen Open 2016 - Gruppe B"]
[Site "Forchheim"]
[Date "2016.10.02"]
[Round "3.41"]
[White "Eichenauer, Pascal"]
[Black "Manco, Michela"]
[Result "0-1"]
[WhiteElo "1878"]
[BlackElo "1665"]
[PlyCount "167"]
[EventDate "2016.??.??"]
[WhiteTeam "SV Würzburg"]
[BlackTeam "TV Tegernsee"]

1. e4 e5 2. Nf3 Nc6 3. Nc3 Nf6 4. d4 exd4 5. Nxd4 Bb4 6. Nxc6 Bxc3+ 7. bxc3
bxc6 8. Bd3 O-O 9. O-O h6 10. e5 Nh7 11. Qe2 d5 12. exd6 Qxd6 13. a4 Qe6 14.
Be3 Nf6 15. Bc4 Qf5 16. Bd3 Qe6 17. Rfe1 Bd7 18. Bd4 Nd5 19. Qe5 Qxe5 20. Rxe5
a5 21. c4 Nb4 22. Re7 Rfd8 23. Be4 Be6 24. c3 Na6 25. Bxc6 Kf8 26. Rxe6 fxe6
27. Bxa8 Rxa8 28. Rb1 Rb8 29. Rxb8+ Nxb8 30. f4 g6 31. Kf2 Nd7 32. Kf3 c5 33.
Bf2 Kf7 34. Bh4 Ke8 35. Ke4 Nb6 36. Ke5 Nxa4 37. Kd6 Nxc3 38. Kxc5 Ne4+ 39. Kd4
Nd6 40. Kc3 Kd7 41. c5 Nb7 42. Kc4 Kc6 43. Bf2 a4 44. Kb4 a3 45. Kxa3 Nxc5 46.
Be3 h5 47. Kb4 Nd7 48. Kc4 Kd6 49. Kd4 Ke7 50. Ke4 Kf6 51. Bd4+ Kf7 52. Be5 Ke7
53. Kd4 Kf7 54. Kc4 Ke7 55. h4 Nb6+ 56. Kc5 Nd5 57. Bd6+ Kf7 58. Kc6 Ne3 59. g3
Nf5 60. Bc7 Nxg3 61. Bd8 Ne4 62. Kb5 Ke8 63. Bb6 Nc3+ 64. Kc4 Nd5 65. Bf2 Nxf4
66. Kd4 Kf7 67. Ke4 Nh3 68. Be3 g5 69. hxg5 Kg6 70. Kf3 Nxg5+ 71. Kg3 e5 72.
Kh4 Ne6 73. Bb6 Nf4 74. Bc7 Kf5 75. Kg3 Ng6 76. Bd8 h4+ 77. Kf3 e4+ 78. Kg2 Kf4
79. Bb6 e3 80. Ba5 Ke4 81. Be1 Nf4+ 82. Kf1 h3 83. Bg3 Kf3 84. Be1 0-1

[Event "15. Sparkassen Open 2016 - Gruppe B"]
[Site "Forchheim"]
[Date "2016.10.02"]
[Round "3.42"]
[White "Loeke, Patrick"]
[Black "Weißmann, Peter"]
[Result "1-0"]
[WhiteElo "1921"]
[BlackElo "1778"]
[PlyCount "69"]
[EventDate "2016.??.??"]
[WhiteTeam "MSA Zugzwang"]
[BlackTeam "SK Zirndorf"]

1. d4 Nf6 2. c4 e6 3. Nc3 Bb4 4. Qc2 d5 5. cxd5 exd5 6. Bg5 c6 7. e3 Bxc3+ 8.
bxc3 Nbd7 9. Bd3 h6 10. Bf4 Nh5 11. Bd6 Nb6 12. Bc5 Nd7 13. Ba3 b6 14. Ne2 c5
15. Bb5 Qc7 16. Qa4 Nhf6 17. dxc5 bxc5 18. Bc6 Bb7 19. Bxb7 Qxb7 20. Bxc5 Ne4
21. Ba3 Rc8 22. Qb4 Qxb4 23. Bxb4 a5 24. Bxa5 O-O 25. Bb4 Rfe8 26. O-O Ne5 27.
Rfd1 Red8 28. a4 Rc4 29. Rd4 Nc6 30. Rxc4 dxc4 31. Nd4 Nxd4 32. exd4 Nd2 33. a5
Rb8 34. a6 Nb3 35. a7 1-0

[Event "15. Sparkassen Open 2016 - Gruppe B"]
[Site "Forchheim"]
[Date "2016.10.02"]
[Round "3.43"]
[White "Poppe, Wolfgang"]
[Black "Jacob, Karl-Heinz"]
[Result "1/2-1/2"]
[WhiteElo "1626"]
[BlackElo "1744"]
[PlyCount "41"]
[EventDate "2016.??.??"]
[WhiteTeam "SK Bad Neustadt"]
[BlackTeam "SG Sonneberg"]

1. e4 Nf6 2. Nc3 d5 3. exd5 Nxd5 4. Nxd5 Qxd5 5. d4 Nc6 6. Be3 Bf5 7. Qd2 e6 8.
Nf3 Nb4 9. Bd3 Nxd3+ 10. cxd3 Qb5 11. Ke2 Bb4 12. Qc2 O-O 13. Qc4 a6 14. Rhc1
Bd6 15. Qxb5 axb5 16. a3 h6 17. h3 Rfd8 18. Rc3 c6 19. Nd2 Bg6 20. Rac1 Be7 21.
Ne4 1/2-1/2

[Event "15. Sparkassen Open 2016 - Gruppe B"]
[Site "Forchheim"]
[Date "2016.10.02"]
[Round "3.44"]
[White "Heckel, Wolfgang"]
[Black "Pils, Martina"]
[Result "1-0"]
[WhiteElo "1614"]
[BlackElo "1742"]
[PlyCount "75"]
[EventDate "2016.??.??"]
[WhiteTeam "TSG Ellingen"]
[BlackTeam "SK Weilheim"]

1. d4 Nf6 2. Nf3 g6 3. Bf4 Bg7 4. e3 d5 5. Nbd2 O-O 6. Ne5 Nbd7 7. c4 e6 8. Be2
c5 9. O-O Nxe5 10. Bxe5 b6 11. Bf3 Bb7 12. Rc1 Qd7 13. dxc5 dxc4 14. Nxc4 Qxd1
15. Rfxd1 Bxf3 16. gxf3 bxc5 17. Nd6 Nd7 18. Bxg7 Kxg7 19. Ne4 Rfd8 20. Nxc5
Nxc5 21. Rxd8 Rxd8 22. Rxc5 Rd2 23. Rb5 Kf6 24. Kg2 h5 25. a4 Rc2 26. b4 Ra2
27. Ra5 Rb2 28. b5 Rb4 29. Rxa7 h4 30. h3 g5 31. Ra6 Kg6 32. b6 Kf6 33. a5 Ke5
34. Ra7 f6 35. Rd7 Rb5 36. b7 Kf5 37. a6 e5 38. a7 1-0

[Event "15. Sparkassen Open 2016 - Gruppe B"]
[Site "Forchheim"]
[Date "2016.10.02"]
[Round "3.45"]
[White "Dreiseitel, Werner"]
[Black "Paeslack, Luis"]
[Result "0-1"]
[WhiteElo "1599"]
[BlackElo "1794"]
[PlyCount "118"]
[EventDate "2016.??.??"]
[WhiteTeam "SGem Fürth"]
[BlackTeam "SK Mainaschaff"]

1. d4 Nf6 2. Bf4 g6 3. e3 Bg7 4. Nd2 d6 5. Ngf3 O-O 6. Bc4 Nbd7 7. c3 a6 8. Qe2
b5 9. Bd3 c5 10. h3 Bb7 11. O-O Re8 12. e4 e5 13. dxe5 Nxe5 14. Nxe5 dxe5 15.
Be3 c4 16. Bc2 Qc7 17. Rfd1 Rad8 18. f3 Nh5 19. Qf2 Re6 20. Nf1 Nf4 21. Rxd8+
Qxd8 22. a4 Bc6 23. axb5 Bxb5 24. Bxf4 exf4 25. Rd1 Rd6 26. Rxd6 Qxd6 27. Qd2
Bf8 28. Qxd6 Bxd6 29. Kf2 Kg7 30. Ke2 Kf6 31. Nh2 h5 32. Nf1 a5 33. Kd1 a4 34.
Ke2 Kg5 35. Bb1 a3 36. bxa3 Bxa3 37. Kd2 Bb2 38. Ba2 Kh4 39. Kc2 Ba1 40. Kd2 g5
41. Kc2 g4 42. hxg4 hxg4 43. Nh2 Kg3 44. Nxg4 Kxg2 45. Ne5 f6 46. Ng4 Kxf3 47.
Nxf6 Ke3 48. e5 f3 49. Ng4+ Kf4 50. Nf2 Kxe5 51. Kd2 Kf4 52. Nd1 Kg3 53. Ke3
Ba4 54. Nf2 Bb3 55. Ne4+ Kg2 56. Bb1 Bxc3 57. Nf2 Bd4+ 58. Kxd4 Kxf2 59. Be4
Ke2 0-1

[Event "15. Sparkassen Open 2016 - Gruppe B"]
[Site "Forchheim"]
[Date "2016.10.02"]
[Round "3.46"]
[White "Buzatu, Alexander"]
[Black "Knoll, Ernst"]
[Result "1-0"]
[WhiteElo "1580"]
[BlackElo "1607"]
[PlyCount "53"]
[EventDate "2016.??.??"]
[WhiteTeam "SC Erlangen"]
[BlackTeam "Schachtreff Röttenbach"]

1. e4 e6 2. d4 d5 3. exd5 exd5 4. Bf4 Nf6 5. Bd3 Be6 6. Nd2 c5 7. c3 Nc6 8.
Ngf3 Qb6 9. Qb3 Be7 10. Qxb6 axb6 11. O-O O-O 12. h3 Ra7 13. dxc5 bxc5 14. Rfe1
Rfa8 15. a3 c4 16. Bc2 b5 17. Rad1 Nd7 18. Ng5 Bxg5 19. Bxg5 h6 20. Be3 Rb7 21.
Nf3 b4 22. axb4 Ra2 23. Rd2 Kf8 24. Rb1 Nxb4 25. cxb4 Rxb4 26. Bd4 Nb6 27. Bc5+
1-0

[Event "15. Sparkassen Open 2016 - Gruppe B"]
[Site "Forchheim"]
[Date "2016.10.02"]
[Round "3.47"]
[White "Rierl, Klaus"]
[Black "Lehmann, Tornalf"]
[Result "1/2-1/2"]
[WhiteElo "1756"]
[BlackElo "1675"]
[PlyCount "23"]
[EventDate "2016.??.??"]
[WhiteTeam "SG Sonneberg"]
[BlackTeam "SC Heilsbronn"]

1. Nf3 Nf6 2. b3 g6 3. Bb2 Bg7 4. d4 d5 5. e3 O-O 6. Nbd2 Nc6 7. a3 b6 8. Be2
Bb7 9. O-O Nd7 10. c4 e6 11. Qc2 Rc8 12. Rac1 1/2-1/2